Statistics for Animated Movie Co-Stars

Click here to take the quiz!

General Stats

  • This quiz has been taken 9,521 times
  • The average score is 10 of 18

Answer Stats

Co-StarsMovie or Series% Correct
Tom Hanks, Tim AllenToy Story series
95%
Ellen DeGeneres, Albert BrooksFinding Nemo
84%
Eddie Murphy, Cameron DiazShrek series
84%
Jack Black, Angelina JolieKung Fu Panda series
69%
Chris Rock, Ben StillerMadagascar series
67%
Robin Williams, Gilbert GottfriedAladdin
64%
Owen Wilson, Larry the Cable GuyCars series
57%
Ray Romano, Denis LearyIce Age series
54%
Antonio Banderas, Salma HayekPuss in Boots
54%
Trey Parker, Matt StoneSouth Park: Bigger
Longer & Uncut
52%
James Earl Jones, Matthew BroderickThe Lion King
52%
Dan Castellaneta, Julie Kavner The Simpsons Movie
48%
Steve Carell, Russell BrandDespicable Me
44%
Jerry Seinfeld, Renee ZellwegerBee Movie
43%
Johnny Depp, Abigail BreslinRango
39%
Sarah Silverman, John C. ReillyWreck-It Ralph
35%
George Clooney, Meryl StreepFantastic Mr. Fox
27%
Danny DeVito, Taylor SwiftThe Lorax
27%

Score Distribution

Percentile by Number Answered

Percent of People with Each Score

Your Score History

You have not taken this quiz